Twenty One Pilots - Clancy Random Lyrics Quiz - Statistics

General Stats
  • This quiz has been taken 817 times
  • The average score is 9 of 13
Answer Stats
Lyrics Song % Correct
It's lavish Lavish
100%
You can be so cold, Midwest Indigo Midwest Indigo
100%
(Wait, what? Wait, what?) Overcompensate
100%
If you can't see, I am Clancy Overcompensate
100%
(So few, so proud, so emotional) Paladin Strait
100%
It's a tribute to zombies Vignette
100%
So tell your friends that follow bots anonymous Lavish
96%
Welcome to the new way of living Lavish
95%
Welcome to the style you haven't seen in a while Lavish
95%
I'm navigating my head Navigating
95%
Your favorite song was on the oldies station Oldies Station
95%
I would swim the Paladin Strait Paladin Strait
95%
If I'm gonna snap necks, then I gotta snap back Snap Back
95%
At the risk of feeling dumb, check in At The Risk Of Feeling Dumb
94%
You're fighting for the front row, that's a nice try Lavish
94%
Got that penny loafer squeak, 'cross linoleum Lavish
94%
I'm navigating Navigating
94%
Then I heard, "Hey, kid, get out of the road!" Next Semester
94%
Start fresh with a new year Next Semester
94%
Do the years seem way too short for my soul, corazón Overcompensate
94%
Of you on the other shoreline Paladin Strait
94%
Now I see intentions don't mean much The Craving
94%
Swallowed by the vignette Vignette
93%
You can be so cold, I'll try again Midwest Indigo
92%
In the same night and won't hesitate to maybe overcompensate Overcompensate
92%
Walk the layout, routines in the night Routines In The Night
92%
If I'm gonna snap necks, then I gotta snap back Snap Back
92%
Fighting off the vignette Vignette
92%
Chill out, man, we're right on time Midwest Indigo
91%
Don't sleep on a boy who can't fall asleep twice Overcompensate
91%
I don't wanna backslide to where I've started from Backslide
90%
Keep it cool, keep the mood androgynous Lavish
90%
And as you move about Oldies Station
90%
Push on through Oldies Station
90%
It's just the beginning of lavish Lavish
89%
It's a taste test Next Semester
89%
I created this world Overcompensate
89%
Destroy it if I want Overcompensate
89%
I was born right here, just now Overcompensate
89%
Without any floatation Paladin Strait
89%
Some doors have "stay out" spray painted in white Routines In The Night
89%
Check on your friends At The Risk Of Feeling Dumb
88%
And let it flow, let it show, shine Lavish
88%
Let it show, let it flow, shine Lavish
88%
I'm talking tough happily with someone in front of me Lavish
88%
I see your problem is your proctologist Lavish
88%
Got both hands on your shoulder while you're bottomless Lavish
88%
Two minutes! Midwest Indigo
88%
(Diese kleine heimliche Insel hat mich zu einer Waffe gemacht) Overcompensate
88%
Earned my stripes, three hundred tracks in my Adidas track jacket Overcompensate
88%
Don't hesitate to maybe overcompensate Overcompensate
88%
I hope I communicate the craving The Craving
88%
I hope that I can satiate the craving The Craving
88%
I don't want anyone, know me or not At The Risk Of Feeling Dumb
87%
I don't wanna be here Next Semester
87%
You don't quite mind how long red lights are taking Oldies Station
87%
(Welcome back to Trench) Overcompensate
87%
Actin' gobsmacked, don't hesitate to maybe overcompensate Overcompensate
87%
Even though I'm past the point of no return Paladin Strait
87%
Climb the top of the tower Paladin Strait
87%
(Hello, Clancy) Paladin Strait
87%
Where do I go from here? Vignette
87%
Just keep your plans, I hope that you never have to drop At The Risk Of Feeling Dumb
86%
Then that's when you know you brought the right equipment to put on a show Lavish
86%
Pardon my delay Navigating
86%
And hope she looks for me The Craving
86%
I'm coming in hot, hot shot hypocrisy Lavish
85%
You make me sad and second-guess myself Midwest Indigo
85%
Graduate now Next Semester
85%
I prayed those lights would take me home Next Semester
85%
Just a glimpse of visual aid Paladin Strait
85%
Now I see a gesture don't mean much The Craving
85%
What's your ETA? Midwest Indigo
84%
Bless your ear holes while you react Overcompensate
84%
It's not worth the risk of losing a friend At The Risk Of Feeling Dumb
83%
Try your best to look like this is not your first time Lavish
83%
Did you forget we're tight on time? Midwest Indigo
83%
In a season of purging things you used to love Oldies Station
83%
Fresh off a binger in the woods, flesh covered in bites Vignette
83%
Thanks for asking, in a way, but Backslide
82%
Sip a Capri Sun like it's Dom Perignon Lavish
82%
Room on the payroll, everyone can live comfortably Lavish
82%
Can you die of anxiousness? Next Semester
82%
Here's my chance, time to take it Paladin Strait
82%
Got a bad feeling that I'm about to break Snap Back
82%
Piece it back together all alone Vignette
82%
I should've loved you better Backslide
81%
Kind of wishing that I never did Saturday Backslide
81%
No, not me, it's for a friend Vignette
81%
Don't have to drop by, nothing you can do this time At The Risk Of Feeling Dumb
80%
Cloud coverage matched my outfit to a knife Midwest Indigo
80%
I remember certain things Next Semester
80%
The yellow dashes in the street Next Semester
80%
And then by the time I catch in my peripheral Overcompensate
80%
"Show yourself, " I yell louder Paladin Strait
80%
I'm still learning what this is Routines In The Night
80%
Been a good streak, but the pressure's overweight Snap Back
80%
Hope it held together long enough for he Vignette
80%
If I'm being real, man, don't know how I feel, man At The Risk Of Feeling Dumb
79%
You're looking real nice, smelling like worth Lavish
79%
NDA's for the folks that talk to me Lavish
79%
Reaching out on my way home Midwest Indigo
79%
I said I fly by the dangerous bend symbol Overcompensate
79%
A painful reminder and a terrible dream Routines In The Night
79%
And I just hate to put this on her The Craving
79%
Now he can't hold out his hand without it shaking Vignette
79%
My dad just lost his mom, I think that everybody leaves Navigating
78%
Did I let her know, let her know The Craving
78%
Concentrate on the little gap in the ice Midwest Indigo
77%
Give me some advice Navigating
77%
What I was wearing Next Semester
77%
Prodigal son, done running, come up with Josh Dun Overcompensate
77%
Here comes a new night but I'll send it through Routines In The Night
77%
But I swear that I will give more than I take away The Craving
77%
Two fighter jets matching energy At The Risk Of Feeling Dumb
76%
(Cette petite île étrange a fait de moi une arme) Overcompensate
76%
Waiting, expectations that I'm gonna make it Paladin Strait
76%
While all the world's asleep, I walk around instead Routines In The Night
76%
Clinging to promises Vignette
76%
What happened to what I brushed under the rug? Backslide
75%
Big flex, complex, Napoleon Lavish
75%
Did you pull up yet Midwest Indigo
75%
Not yet! Midwest Indigo
75%
Only consistency in your periphery Oldies Station
75%
Originated right in front of your eyes Overcompensate
75%
Always sure footed, educated and was never scared Vignette
75%
Disassociate Navigating
74%
Making my way towards you Paladin Strait
74%
Endless row of angry waves Paladin Strait
74%
On the ground are Banditos Paladin Strait
74%
I'll give you the tour, show you why I Routines In The Night
74%
Fresh off a binger in the woods, flesh covered in bites Vignette
74%
Walk in like you deserve it Lavish
73%
Stand up straight now Next Semester
73%
Add some years, build some trust Oldies Station
73%
Then overtake your former self Overcompensate
73%
Fighting while I find Nico Paladin Strait
73%
I'm keeping my eyelids up, no matter what Routines In The Night
73%
Used to be you and me, matching Kawasaki Zs At The Risk Of Feeling Dumb
72%
'Cause I feel the pull, water's over my head Backslide
72%
It's over my head Backslide
72%
Bad place on a hundred dollar bass Backslide
72%
It's reassuring you keep coming around Routines In The Night
72%
I'd lay down in wait The Craving
72%
Rat race, place to place, adding weight Backslide
71%
Are you doing good? Backslide
71%
I'll be pulling into the parking lot before the heat kicks in Midwest Indigo
71%
And I want love and sunny days Midwest Indigo
71%
'Cause everybody leaves Navigating
71%
Is fear and the bridge of your nose Oldies Station
71%
When darkness rolls on you Oldies Station
71%
Get kicked to the curb Overcompensate
71%
I've been praying for my elasticity Snap Back
71%
Not sure when it started Vignette
71%
He's thinking, "There's no way I'm headed there" Vignette
71%
That seems to be about as wide as our chances Midwest Indigo
70%
Start a streak you're bound to break Oldies Station
70%
So beautiful, the space between Routines In The Night
70%
Got a bad feeling I'm gonna lose the lead Snap Back
70%
Seems I get in my own way The Craving
70%
I know that it's a risk saying this, don't fight me At The Risk Of Feeling Dumb
69%
When our fingers touch, I feel my way back home Navigating
69%
You don't quite mind Oldies Station
69%
Is it even good, for my head to keep track? Snap Back
69%
It's a backslide Snap Back
69%
If I found my body in chains The Craving
69%
Tendencies on repeat, innit Backslide
68%
I'll take anything you have if you could throw me a line Backslide
68%
To scrape the frosted windshield Midwest Indigo
68%
I requested counsel with the counselor Midwest Indigo
68%
And he cancelled twice Midwest Indigo
68%
Kind of feels like everybody leaves Navigating
68%
You've had your turns with relative pain Oldies Station
68%
You're in the crowd at her first dance recital Oldies Station
68%
To feel some control Overcompensate
68%
So I sing Sahlo Folina Overcompensate
68%
Wanted dead or alive Overcompensate
68%
A route I've mapped a thousand times Paladin Strait
68%
Through the memories, down the halls of my head Routines In The Night
68%
Running from a thing, that I kicked in '17 Snap Back
68%
All of that progress lost today Snap Back
68%
I've been praying for my elasticity Snap Back
68%
Hounded by a bunch of dead when the search party found him Vignette
68%
Ride around 270 in Kawasaki tees At The Risk Of Feeling Dumb
67%
Accidentally uncovered a new one yesterday Backslide
67%
I used to be the champion of a world you can't see Backslide
67%
I say whatever and whatever that I want Lavish
67%
Feeling the reality that everybody leaves Navigating
67%
Can't feel my legs Next Semester
67%
Standing on the shore Paladin Strait
67%
'Cause it's the fear of the unknown The Craving
67%
I don't care, you control me Backslide
65%
Now I'm drowning in logistics Backslide
65%
If you really wanna know what I'm thinking Navigating
65%
Then before you know, you lose some people close Oldies Station
65%
I feel like I was just here, same twitchin' in my eyes Overcompensate
65%
I've been here before and I've got time Routines In The Night
65%
Well, welcome back to the show Snap Back
65%
It's been a long night Vignette
65%
I don't mind if it's lonely Backslide
64%
There's no chance I will shake this again Backslide
64%
So now you pick who you serve Overcompensate
64%
The more I think, the less I say The Craving
64%
Of which I've become Vignette
64%
Strength enough for one more time Backslide
63%
Reach my hand above the tide Backslide
63%
It's a different blue, it's deeper than it's been Midwest Indigo
63%
Forcing you to manage your pace Oldies Station
63%
You learn what you can and can't take Oldies Station
63%
(Esta pequeña isla espeluznante me ha convertido en un arma) Overcompensate
63%
Blacklisted from forgiveness Snap Back
63%
That cripples every step we take The Craving
63%
Tunnels cave, visions fade Vignette
63%
You have it down, that old fight for survival Oldies Station
62%
I'll probably jump on the next one Routines In The Night
62%
Just keep me company Routines In The Night
62%
Ride it out to the end of the days The Craving
62%
Running late so I didn't have the time Midwest Indigo
61%
Of what I hate less Next Semester
61%
You start to feel your eyes adjust Oldies Station
61%
Staring down a hurtling storm Paladin Strait
61%
REM cycle skip, night psycho trip Routines In The Night
61%
Reoccurring, days blurring Routines In The Night
61%
Benefit from a shoe with no lace Backslide
60%
From the floor to the ceiling Lavish
60%
I'm testing the limits of what a mind can do Routines In The Night
60%
Even if they say At The Risk Of Feeling Dumb
59%
Future's coming fast, you've got nothing in the tank Oldies Station
59%
Days feel like a perfect length Overcompensate
59%
Testing what is real, what is good, man Vignette
59%
Is that a stain? You should change Backslide
58%
Found your capacity for love and tragedy Oldies Station
58%
Embracing how things always change Oldies Station
58%
Little less concerned when there's nothing in the tank Oldies Station
58%
Did you solve all of your problems? Backslide
57%
Like we're barely scraping by Midwest Indigo
57%
Make an oath then make mistakes Oldies Station
57%
Water rips with rage Paladin Strait
57%
Drove it 'til the engine died Snap Back
57%
To pitch the greener grasses and hope that she would agree Vignette
57%
I'm a bit too old to run away Midwest Indigo
56%
Half empty, half full, save half for your taxes Overcompensate
56%
Have I burnt all the bridges? Snap Back
56%
No, no, not me, it's for a friend, denial Vignette
56%
Tracing out a line Paladin Strait
55%
Can't break down Next Semester
54%
Of why I am this way Snap Back
54%
Even if they say At The Risk Of Feeling Dumb
53%
'Bout you sleeping so close to a weapon you conceal, man At The Risk Of Feeling Dumb
53%
Those night terrors are not something to take lightly At The Risk Of Feeling Dumb
53%
This haze around my face Navigating
53%
In a season of lessons learned in giving up Oldies Station
53%
I'm all in, I'm surrounded Paladin Strait
53%
Reoccurring, keeps coming around Routines In The Night
53%
It's a new adaptation Snap Back
53%
See me at my lowest, you don't have to drop, drop, drop At The Risk Of Feeling Dumb
52%
Take the seat with the crease in it Backslide
52%
Leading me anywhere Backslide
52%
I might suffocate Next Semester
52%
She just wants to catch a wave The Craving
52%
So please keep it in mind At The Risk Of Feeling Dumb
50%
I am wasting all this time Navigating
50%
There's a pressure in my chest Next Semester
50%
Can't be sure that I'll make it Paladin Strait
50%
Say enough, say enough The Craving
50%
I don't mind if it's fair Backslide
48%
Fear of the past and relative pain Oldies Station
48%
Do you think that now's the time you should let go? Backslide
47%
And if your feet are hurting Lavish
47%
But they say they continue to grow Oldies Station
47%
Guess I better move to a fresher approach Snap Back
47%
Every once in a while At The Risk Of Feeling Dumb
46%
Making my way towards you Paladin Strait
46%
Put my money where my mouth is Paladin Strait
46%
For passin' the classes Overcompensate
45%
Guess I never told you so Paladin Strait
45%
Stopping me, fight me At The Risk Of Feeling Dumb
44%
You bow to the masses Overcompensate
44%
I have seemed to run out of excuses Snap Back
44%
How things change so rapidly Navigating
43%
I can't be alone Paladin Strait
43%
Everything must go, mm-hmm Oldies Station
42%
I commandeered a hot ride Snap Back
42%
Peeling from his bones Vignette
42%
Trying to forget that we're in ejection seats At The Risk Of Feeling Dumb
40%
Makes me feel all alone Navigating
40%
It's tough to find good company Routines In The Night
40%
Since I responded to your question Navigating
39%
And I'm trying to hold onto you Navigating
39%
You learn to tune 'em out Oldies Station
39%
To return to the way that it was Snap Back
39%
But for goodness sake Overcompensate
38%
Bite the hand that helps me Snap Back
38%
Give it finger stitches Snap Back
38%
Where am I from? Overcompensate
36%
Fool you once, it's been twenty-five times Snap Back
36%
Then turn so cold Navigating
32%
I find my self-esteem Navigating
30%
I can't seem to turn the page Navigating
27%
I know you see me standing still Navigating
24%
To return to the way that it was Snap Back
23%
I don't need them any longer Overcompensate
22%
Don't know how long it's been Navigating
21%
No matching quizzes found
Score Distribution
Percent of People with Each Score
Percentile by Number Answered
Your Score History
You have not taken this quiz